000 00470nam a22001457a 4500
005 20250901165810.0
008 250321b |||||||| |||| 00| 0 eng d
020 _a0195731565
050 _aPZ90.F72 .M38 2002
245 _aLa ferme Susuruka
_cby Sam Mbure
260 _aNairobi:
_bOxford University Press,
_c2002.
300 _a28 p.:
_bcol. ill. :
_c21 cm.
500 _6[Translated into French by] Angela Uwamahoro Kamanzi and [illustrations by] Abdul Gugu
942 _2lcc
999 _c9375
_d9375